--Pero no imposible : (Record no. 59263)

MARC details
000 -LEADER
campo de control de longitud fija 01208nac a2200241 a 4500
003 - IDENTIFICADOR DE NÚMERO DE CONTROL
campo de control CoPeBPM
005 - FECHA Y HORA DE LA ÚLTIMA TRANSACCIÓN
campo de control 20240617051809.0
008 - DATOS DE LONGITUD FIJA--INFORMACIÓN GENERAL
campo de control de longitud fija 240617b2008 |||||||| |||| 00| 0 spa d
020 ## - NÚMERO INTERNACIONAL ESTÁNDAR DEL LIBRO
Número Internacional Estándar del Libro 978-84-494-3883-7
040 ## - FUENTE DE CATALOGACIÓN
Centro catalogador/agencia de origen CoPeBPM
Lengua de catalogación spa
Centro/agencia transcriptor CoPeBPM
Normas de descripción rda
082 04 - NÚMERO DE LA CLASIFICACIÓN DECIMAL DEWEY
Número de clasificación 025.21878 N162p
100 1# - ENTRADA PRINCIPAL--NOMBRE DE PERSONA
Nombre de persona Nájera Trujillo, Claudia Gabriela
245 10 - MENCIÓN DEL TÍTULO
Título --Pero no imposible :
Resto del título Bitácora de la transformación de una biblioteca escolar y su entorno
Mención de responsabilidad, etc. / Nájera Trujillo, Claudia Gabriela
250 ## - MENCION DE EDICION
Mención de edición Primera edición;
260 ## - PUBLICACIÓN, DISTRIBUCIÓN, ETC.
Lugar de publicación, distribución, etc. Barcelona, España;
Nombre del editor, distribuidor, etc. Océano Travesía;
Fecha de publicación, distribución, etc. 2008
300 ## - DESCRIPCIÓN FÍSICA
Extensión 199 páginas;
Dimensiones 22 cm
500 ## - NOTA GENERAL
Nota general Incluye datos biográficos del autor
520 ## - RESUMEN, ETC.
Sumario, etc. Amena y aguda, deliciosa de leer y más aún de releer esta obra insólita en la literatura acerca de la formación de lectores dentro y fuera de la escuela, porque muestra cómo y por quéformar lectores y escritores en la escuela, pero sobre todo porque lo hace gozosamente, sin repetir lemas acerca del placer de la lectura, pero provocándolo.
650 14 - PUNTO DE ACCESO ADICIONAL DE MATERIA--TÉRMINO DE MATERIA
Término de materia o nombre geográfico como elemento de entrada Bibliotecas escolares
Subdivisión general Asistencia social
Subdivisión geográfica México
700 1# - ENTRADA AGREGADA--NOMBRE PERSONAL
Nombre de persona Claudia Gabriela Nájera Trujillo;
Término indicativo de función/relación Prólogo de Delia Lerner
765 ## - ENLACE A LA LENGUA/LENGUAJE ORIGINAL
Encabezamiento principal spa
942 ## - ELEMENTOS DE ENTRADA SECUNDARIOS (KOHA)
Fuente del sistema de clasificación o colocación Clasificación Decimal Dewey
Tipo de ítem Koha Libros
Suprimir en OPAC No
Holdings
Estatus retirado Estado de pérdida Fuente del sistema de clasificación o colocación Estado de daño No para préstamo Biblioteca de origen Biblioteca actual Fecha de adquisición Total de préstamos Signatura topográfica completa Código de barras Visto por última vez Copia número Precio de reemplazo Tipo de ítem Koha
    Clasificación Decimal Dewey     BIBLIOTECA SAN JOAQUIN BIBLIOTECA SAN JOAQUIN 17/06/2024   025.21878 N162p 60008 17/06/2024 Ej.1 17/06/2024 Libros

Powered by Koha